01226nam a2200301uu 4500001000800000005001700008008004100025020001800066035001200084035002100096040001300117041000800130050000700138100004600145245010900191260006200300300001700362650004700379650003500426650008900461700004800550700004800598700005500646700005300701942000900754999001900763952014200782116518520260507114238.0090831s2007 spa  a9789689076780 a1165185 a(OCoLC)777032398 ccomduadb aspa 4aGV10aAragon Monroy, Fernando4auteaut958412310aArtes Danza II: Guía de Trabajo. Segundo Taller de Actualización sobre los Programas de Estudio 2006 aMéxico :bSecretaría de Educación Pública,c2007. a54 páginas aEducación artística - México9180974 aEnseñanza de la danza971821 aTaller de Actualización sobre el Planes de Estudios ( 2 : 2006 : México)918572410aSantiago Cambray, Lourdes4auteaut956499010aMartinez Sánchez, Jaime4auteaut958480310aSalazar Valdés, Miguel Ángel4auteaut955707610aCastañeda Pantoja, Alejandro4auteaut9583334 cBOOK c512418d512418 001040708GENERALaCEDEAbCEDEAd2009-08-31iC1064581l1oGV1627.M4/S34gp0616117r2023-09-22 00:00:00s2023-08-18t1w2023-04-29yBOOK